[Event "89th GER-ch"]
[Site "Dresden"]
[Date "2018.08.07"]
[Round "5"]
[White "Plassmann, Dominik"]
[Black "Heimrath, Reiner"]
[Result "0-1"]
[WhiteElo "2186"]
[BlackElo "2200"]
[Annotator "TA"]
[PlyCount "58"]
[EventDate "2018.08.03"]
[EventType "swiss"]
[EventCountry "GER"]
[SourceTitle "playchess.com"]
[Source "ChessBase"]
[SourceQuality "1"]

{[%evp 20,58,115,32,99,61,105,61,53,-77,-77,-70,-55,-74,-73,-60,-27,-82,-79,-76,-73,-238,-223,-751,-739,-839,-797,-804,-832,-1336,-1326,-1235,-1072,-1063,-1091,-1091,-1064,-1074,-1068,-1049,-1038]} 1. d4 g6 2. c4 Bg7 3. Nc3 Nf6 4. e4 d6 5. Nf3 O-O 6. Be2 Nbd7 7. O-O e5 8. Qc2 h6 {E94: King's Indian: Classical: 6 Be2 e5 7 0-0: Various Black 7th moves} 9. h3 c6 10. Be3 Qe7 11. Rad1 {LiveBook: 15 Games} ({Better is} 11. d5 $16) 11... Ne8 $146 (11... exd4 $1 $14 12. Rxd4 (12. Nxd4 Re8 $14) 12... Re8) ({Predecessor:} 11... exd4 12. Rxd4 Nc5 13. b4 Ne6 14. Rd3 Nd7 15. Rfd1 Ne5 16. Rxd6 Nxf3+ 17. Bxf3 Be5 18. c5 {½-½ (48) Tikkanen,H (2517)-Berg,E (2575) Sweden 2016}) 12. d5 c5 13. Ne1 f5 14. f4 (14. Nf3 $14 {keeps the upper hand.}) 14... exf4 $17 15. Bxf4 {next exf5 is good for White.} g5 16. Bc1 f4 17. Nf3 Nef6 18. Rfe1 (18. Rde1 $11 {keeps the balance.}) 18... Ne5 19. Nxe5 Qxe5 20. Bd2 $2 (20. Rf1 $17) 20... g4 {...f3 is the strong threat.} 21. Bf1 $2 (21. Rf1 f3 22. Bxf3) 21... Nh5 $19 {Black is clearly winning.} 22. Nb5 f3 {[#] ( -> ...f2+)} 23. Bc3 Qg5 24. gxf3 gxf3+ 25. Kf2 Qg3+ 26. Ke3 f2+ 27. Kd2 fxe1=Q+ 28. Rxe1 {[#]} Rxf1 $1 29. Rxf1 Qg2+ {Precision: White = 17%, Black = 71%.} 0-1

[Event "89th GER-ch"]
[Site "Dresden"]
[Date "2018.08.07"]
[Round "5"]
[White "Heinert, Eugen"]
[Black "Svane, Frederik"]
[Result "0-1"]
[WhiteElo "2146"]
[BlackElo "2292"]
[Annotator "TA"]
[PlyCount "102"]
[EventDate "2018.08.03"]
[EventType "swiss"]
[EventCountry "GER"]
[SourceTitle "playchess.com"]
[Source "ChessBase"]
[SourceQuality "1"]

{[%evp 15,102,-15,1,-16,-4,-16,-18,-108,-27,-45,-41,-101,-100,-114,-112,-107,-107,-203,-217,-229,-195,-314,-318,-294,-304,-381,-368,-379,-360,-355,-350,-509,-507,-496,-269,-507,-468,-425,-293,-304,-273,-264,-252,-598,-324,-552,-296,-425,-369,-437,-437,-426,-432,-430,-406,-450,-255,-252,-250,-267,-266,-329,-263,-250,0,-318,-316,-322,-306,-275,-228,-413,-422,-486,-458,-728,-729,-1423,-1406,-1416,-1285,-1041,-752,-1990,-1927,-29978,-29979,-29978,-29978]} 1. d4 Nf6 2. Nf3 e6 3. Bg5 h6 4. Bh4 b6 5. e3 Bb7 6. Bd3 Be7 7. Nbd2 d5 8. c3 {A46: 1 d4 Nf6 2 Nf3 e6: Torre, London and Colle Systems} O-O {LiveBook: 4 Games} 9. Qb1 c5 10. h3 {The position is equal.} (10. Ne5 Nbd7 11. f4 cxd4 12. exd4 Nxe5 13. fxe5 Ne4 14. Bxe7 Qxe7 15. Nf3 {½-½ (53) Stefanova,A (2512)-Gunina,V (2520) Hancheng 2016}) 10... Nc6 $146 {[%cal Bb8c6,Bc6e5,Be5f3][%mdl 32]} ({Predecessor:} 10... Nfd7 11. Bg3 Nc6 12. a3 a5 13. Bb5 Na7 14. Be2 Nc6 15. O-O Nf6 {1-0 (28) Habla,J (2205)-Kim,C (1861) Vientiane 2018}) 11. g4 (11. O-O $11) 11... Qc7 (11... cxd4 $17 12. exd4 Ne4 13. Bxe7 Qxe7) 12. Rg1 cxd4 13. exd4 (13. Nxd4 $15 Ne5 14. Bg3) 13... e5 $17 14. dxe5 Nxe5 15. Qc2 Ne4 16. g5 (16. Bxe7 $17 {was worth a try.} Qxe7 17. Nxe5 Qxe5 18. Bxe4) 16... Nxf3+ 17. Nxf3 hxg5 18. Bxe4 (18. Bg3 $142 Nxg3 19. Rxg3) 18... dxe4 $19 19. Bg3 Qc4 20. Ne5 Qe6 21. O-O-O Rad8 22. Qa4 a6 23. Nd7 (23. Qc4 {keeps fighting.} Bd5 24. Qxa6) 23... Rfe8 24. Ne5 Bc5 (24... b5 $142 25. Qb3 Bd5 26. Rxd5 Rxd5) 25. Rd7 $2 (25. Rxd8 {was the only chance.} Rxd8 26. Rd1 Rxd1+ 27. Qxd1) 25... b5 26. Qd1 Rxd7 27. Qxd7 Qxd7 28. Nxd7 Ba7 {[#] Threatens to win with ...e3.} 29. Rd1 $2 (29. b4 {nothing else works.}) 29... f6 30. Kc2 $2 (30. b4 {was called for.}) 30... Kf7 31. Rd2 (31. b4 $142) 31... Re7 32. b4 e3 33. fxe3 Bxe3 34. Re2 Be4+ (34... Rxd7 $2 35. Rxe3 Bd5 36. a3 $19) 35. Kb2 Rxd7 (35... Bf3 $142 36. Re1 Bf4 37. Rxe7+ Kxe7 38. Bxf4 gxf4) 36. Rxe3 {[%mdl 4096] Endgame KRB-KRB} f5 37. Be1 Rd1 38. a4 Rb1+ 39. Ka2 {[#] And now Rxe4! would win.} Rd1 $2 (39... Bc2 $19 40. axb5 axb5) 40. c4 $2 {[%mdl 8192]} (40. Kb2 $1 $11 {and White stays safe.}) 40... bxc4 41. Bc3 g6 42. Ka3 Rd5 43. Be1 $2 (43. Kb2 {was necessary.}) 43... Bd3 44. h4 g4 {Hoping for ...f4.} 45. Bg3 (45. Rg3 $142) 45... c3 {[%cal Bc4c3,Bc3c2][%mdl 32]} 46. Be5 c2 47. Kb2 Be4 48. Bf4 Rd4 49. Rb3 Bd5 50. Be3 Bxb3 51. Bxd4 Bxa4 {Precision: White = 15%, Black = 63%.} 0-1

[Event "89th GER-ch"]
[Site "Dresden"]
[Date "2018.08.07"]
[Round "5"]
[White "Adiyaman, Rene"]
[Black "Colpe, Malte"]
[Result "0-1"]
[WhiteElo "2097"]
[BlackElo "2384"]
[Annotator "TA"]
[PlyCount "90"]
[EventDate "2018.08.03"]
[EventType "swiss"]
[EventCountry "GER"]
[SourceTitle "playchess.com"]
[Source "ChessBase"]
[SourceQuality "1"]

{[%evp 19,90,47,43,45,56,52,56,46,47,47,45,25,51,52,52,40,81,-152,-141,-124,-132,-129,-118,-119,-125,-148,-118,-130,-104,-104,-114,-174,-165,-154,-173,-179,-133,-142,-110,-199,-130,-152,-123,-132,-132,-128,-127,-130,-127,-120,-120,-120,-119,-129,-86,-127,-84,-97,-91,-194,-82,-76,-70,-58,-41,-2294,-1993,-1944,-1743,-1511,-1397,-1324,-1212]} 1. e4 e5 2. Nf3 Nc6 3. Bc4 Bc5 4. c3 Nf6 5. d3 O-O 6. Nbd2 d5 {C54: Giuoco Piano: 4 c3 Nf6, main lines with 5 d4 and 5 d3} 7. exd5 Nxd5 8. Ne4 Be7 9. O-O Bg4 10. h3 Bh5 {LiveBook: 17 Games} 11. Ng3 Bg6 12. Re1 Bf6 13. Ne4 Nb6 14. Bb5 Re8 {[#]} 15. Nc5 $146 ({Predecessor:} 15. a4 a6 16. Bxc6 bxc6 {½-½ (58) Areshchenko,A (2661)-Eljanov,P (2717) Germany 2015}) 15... Qc8 16. Bg5 Bxg5 17. Nxg5 a6 18. Nxa6 $2 (18. Bxc6 $1 $16 bxc6 19. Nf3) 18... Rxa6 $17 19. Bxa6 bxa6 20. Qf3 Qd7 21. Ne4 {[%cal Bg5e4,Be4c5,Bc5e6][%mdl 32]} Qd5 $36 {[%mdl 2048] Black is on the roll.} 22. d4 f5 23. Nc5 {Black should prevent Qxd5+.} Qxf3 ({But not} 23... exd4 24. Qxd5+ Nxd5 25. Rxe8+ Bxe8 26. cxd4 $15) 24. gxf3 a5 25. Kg2 (25. dxe5 $17 Nxe5 26. Kf1) 25... exd4 $19 26. Rxe8+ Bxe8 27. Ne6 dxc3 28. bxc3 Ne5 29. Re1 {[#]} (29. f4 $17 {keeps fighting.} Bc6+ 30. Kg3) 29... Nd3 (29... Nbc4 $1 $19 30. Kg3 Bf7) 30. Re3 Bf7 {...Bxe6 is the strong threat.} 31. Nxc7 Nf4+ 32. Kg3 Nh5+ 33. Kh2 Bxa2 34. Re5 Nc4 35. Rxf5 Nf6 36. Rb5 a4 37. Rb7 Nd6 38. Ra7 Bb3 39. Na6 {[#]} (39. Ra6 $17 {was called for.}) 39... Nb5 (39... Nd5 $1 $19 {has better winning chances. Strongly threatening ...Nc8.} 40. c4 Nxc4) 40. Ra8+ $17 Kf7 {Threatens to win with ...a3.} 41. Nc5 Bd5 42. Nd3 $2 {[%mdl 8192]} (42. Rxa4 $15 Nxc3 43. Ra7+ Kg6 44. Nd3) 42... Bxa8 $19 {Black is clearly winning.} 43. Kg3 Nd6 44. Kf4 Nd7 45. h4 Nc4 {Precision: White = 41%, Black = 61%.} 0-1

[Event "89th GER-ch"]
[Site "Dresden"]
[Date "2018.08.07"]
[Round "5"]
[White "Proschmann, Tino"]
[Black "Rehberg, Raphael"]
[Result "1-0"]
[WhiteElo "2092"]
[BlackElo "2234"]
[Annotator "TA"]
[PlyCount "61"]
[EventDate "2018.08.03"]
[EventType "swiss"]
[EventCountry "GER"]
[SourceTitle "playchess.com"]
[Source "ChessBase"]
[SourceQuality "1"]

{[%evp 17,61,46,46,51,64,27,34,15,27,29,34,16,30,25,31,0,0,0,31,29,48,0,15,39,63,0,0,0,0,0,0,0,0,0,5,0,0,0,0,0,0,0,0,0,29983,29984]} 1. e4 c5 2. Nf3 e6 3. d4 cxd4 4. Nxd4 a6 5. Be2 Nf6 6. Nc3 Qc7 7. O-O d6 8. f4 Nbd7 9. Bf3 g6 {LiveBook: 9 Games. B84: Sicilian Scheveningen: 6 Be2 a6, lines without early Be3} 10. a4 Bg7 $146 ({Predecessor:} 10... e5 11. Nb3 exf4 12. Bxf4 Ne5 13. Be2 Bg7 14. Bg5 Ned7 15. Qd4 Nh5 16. Qf2 Ne5 17. Bxh5 gxh5 18. Nd5 Qc6 19. Na5 Qd7 20. Bf6 {1-0 (20) Van den Doel,E (2578)-Graw,C (2160) Germany 2007}) 11. Kh1 O-O {White has an edge.} 12. g4 e5 13. Nde2 exf4 $1 {[#] aiming for ...g5.} 14. g5 Ne8 15. Nxf4 Ne5 16. Ncd5 Qd8 17. Bg2 Bg4 18. Qe1 f6 19. Nh3 (19. Nd3 {is more complex.} Be6 20. gxf6 Nxf6 21. Bg5 Rc8 22. Nxe5 dxe5 23. c3) 19... Nc7 (19... Be6 {feels hotter.} 20. Qd1 Rb8 21. Be3 Qd7 22. Nb6 Qe7) 20. gxf6 {Threatens to win with Bg5.} Bxf6 {next ...Nxd5 is good for Black.} 21. Nxf6+ (21. Bh6 $14) 21... Rxf6 $11 22. Rxf6 Qxf6 23. Bg5 Qg7 24. Qh4 Qd7 25. Rf1 Ne6 26. Bf6 Rf8 27. Bxe5 Rxf1+ 28. Bxf1 Bf3+ 29. Kg1 $1 {And now Bc3 would win.} dxe5 30. Qf6 Nf4 $2 {[%mdl 8192] [#]} (30... Bxe4 $11 31. Qxe5 Bf5) 31. Bc4+ {Precision: White = 66%, Black = 65%.} 1-0

[Event "89th GER-ch"]
[Site "Dresden"]
[Date "2018.08.06"]
[Round "5.1"]
[White "Poetsch, Hagen"]
[Black "Gschnitzer, Adrian"]
[Result "1/2-1/2"]
[WhiteElo "2513"]
[BlackElo "2333"]
[Annotator "ChessBase"]
[PlyCount "55"]
[EventDate "2018.08.03"]
[EventType "swiss"]
[EventCountry "GER"]
[SourceTitle "playchess.com"]
[Source "ChessBase"]
[SourceQuality "1"]
[TimeControl "40/5400+30:1800+30"]

1. e4 {[%emt 1:30:27]} c5 {[%emt 1:30:22]} 2. Nf3 {[%emt 1:30:51]} Nc6 {[%emt 1:30:46]} 3. Bb5 {[%emt 1:30:55]} g6 {[%emt 1:31:06]} 4. c3 {[%emt 1:31:18]} Bg7 {[%emt 1:30:29]} 5. d4 {[%emt 1:31:30]} Qb6 {[%emt 1:25:27]} 6. Bxc6 {[%emt 1:27:20]} bxc6 {[%emt 1:23:40]} 7. O-O {[%emt 1:27:07]} Nh6 {[%emt 1:20:10]} 8. Re1 {[%emt 1:20:15]} O-O {[%emt 1:19:08]} 9. Na3 {[%emt 1:14:15]} cxd4 {[%emt 1:16:35]} 10. cxd4 {[%emt 1:14:32]} d5 {[%emt 1:16:21]} 11. h3 {[%emt 1:10:34]} Bb7 {[%emt 1:08:30]} 12. e5 {[%emt 1:05:16]} f6 {[%emt 1:05:39]} 13. exf6 {[%emt 0:57:57]} exf6 {[%emt 1:05:41]} 14. Bf4 {[%emt 0:58:12]} Nf7 {[%emt 1:02:53]} 15. Qd2 {[%emt 0:53:40]} Rae8 {[%emt 0:58:47]} 16. Rac1 {[%emt 0:50:37]} Re4 {[%emt 0:55:57]} 17. Nb1 {[%emt 0:48:34]} Rxf4 {[%emt 0:43:48]} 18. Qxf4 {[%emt 0:48:05]} Bh6 {[%emt 0:44:03]} 19. Qxf6 {[%emt 0:44:57]} Ng5 {[%emt 0:42:58]} 20. Qd6 {[%emt 0:36:57]} Nxf3+ {[%emt 0:41:35]} 21. gxf3 {[%emt 0:37:23]} Bxc1 {[%emt 0:40:53]} 22. Qe6+ {[%emt 0:35:49]} Kg7 {[%emt 0:39:46]} 23. Qe5+ {[%emt 0:33:38]} Kg8 {[%emt 0:39:03]} 24. Qe6+ {[%emt 0:31:31]} Kg7 {[%emt 0:39:23]} 25. Qe5+ {[%emt 0:31:57]} Kg8 {[%emt 0:39:21]} 26. Qe6+ {[%emt 0:31:04]} Kg7 {[%emt 0:39:44]} 27. Qe5+ {[%emt 0:31:27]} Kg8 {[%emt 0:40:01]} 28. Qe6+ {[%emt 0:31:43]} 1/2-1/2

[Event "89th GER-ch"]
[Site "Dresden"]
[Date "2018.08.06"]
[Round "5.2"]
[White "Miller, Eduard"]
[Black "Kvetny, Mark"]
[Result "1/2-1/2"]
[WhiteElo "2309"]
[BlackElo "2421"]
[Annotator "TA"]
[PlyCount "143"]
[EventDate "2018.08.03"]
[EventType "swiss"]
[EventCountry "GER"]
[SourceTitle "playchess.com"]
[Source "ChessBase"]
[SourceQuality "1"]

{[%evp 15,143,12,8,0,-4,-2,-2,6,-6,-10,15,12,29,-46,-48,-30,-22,-35,-14,-29,-14,-49,0,-62,-64,-75,-75,-79,-74,-100,-98,-85,-85,-107,-108,-109,-96,-106,-100,-105,-98,-128,-120,-128,-97,-103,-77,-90,-86,-93,-94,-166,-164,-153,-160,-216,-163,-153,-157,-158,-151,-179,-193,-168,-142,-143,0,-169,0,-144,-136,-157,-151,-164,-146,-152,-142,-129,-100,-99,-104,-116,-97,-265,-257,-379,-362,-379,-394,-360,-346,-450,-424,-425,-425,-410,-410,-395,-395,-688,-688,-688,-688,-687,-672,-632,-688,-688,-688,-891,-688,-789,-688,-688,-670,-560,-225,-665,-592,-4666,-4666,-4634,-4652,-4641,-4634,-4627,-4622,-1012,0,0]} 1. Nf3 d5 2. g3 Bg4 3. Bg2 e6 4. O-O Nf6 5. d4 Be7 6. c4 c6 7. Nc3 {D11: Slav Defence: 3 Nf3 sidelines and 3...Nf6 4 e3 Bg4} O-O 8. Ne5 (8. Qb3 Qb6 9. Ne5 Bh5 10. Bf4 Nbd7 11. Nxd7 Nxd7 12. e4 dxe4 13. Nxe4 Rfd8 14. Rfe1 Nf6 {1-0 (38) Carlsen,M (2843)-So,W (2778) Stavanger 2018}) 8... Bf5 {LiveBook: 7 Games} 9. f3 c5 10. cxd5 cxd4 11. Qxd4 {aiming for e4.} exd5 12. e4 $146 ({Predecessor:} 12. Bg5 Qa5 13. Kh1 Rd8 14. Rac1 h6 15. Bd2 Nc6 16. Nxc6 bxc6 {0-1 (24) Norberg,J (2291)-Welin,M (2328) Sweden 2016}) 12... dxe4 (12... Na6 {is more complex.} 13. Qf2 dxe4 14. fxe4 Be6 15. Nd5 Bxd5 16. exd5 Rc8) 13. Qxd8 Rxd8 {[#]} 14. fxe4 (14. Nxf7 $1 $11 {[%mdl 512]} Kxf7 15. fxe4) 14... Be6 $15 15. Bf4 Na6 16. Rad1 Rac8 17. Bf3 Bc5+ 18. Kg2 Bb4 19. a3 (19. Rxd8+ $11 Rxd8 20. Rc1) 19... Bxc3 20. Rxd8+ Rxd8 21. bxc3 Rc8 22. Bd2 Nc5 23. Re1 h6 24. Re3 Ne8 25. Nd3 Nd6 26. Nxc5 Rxc5 27. Be2 Bc4 28. Kf2 f6 29. Bf3 Ra5 30. Bc1 Kf7 31. Re1 Be6 32. Bd1 Rc5 33. Bb2 (33. Bf4 $17 Nc4 34. Bf3) 33... Nc4 $19 34. Bc1 Ne5 35. Re3 (35. Bh5+ $17 Kg8 36. Kg2) 35... Bc4 36. Ke1 Rb5 37. Kd2 Rb6 38. a4 Rd6+ 39. Kc2 Bd3+ 40. Kb3 Bc4+ 41. Kc2 Bd3+ 42. Kb3 {[#]} Bxe4 $1 {[%mdl 512]} 43. Rxe4 {Black must now prevent Rd4.} Rxd1 $17 {[%mdl 4096] Endgame KRB-KRN} 44. Bf4 Ke6 45. Kc2 Rh1 46. h4 Kf5 47. Rb4 b6 $1 48. a5 bxa5 49. Rb7 $2 (49. Ra4 $17) 49... g5 50. hxg5 (50. Bxe5 $142 fxe5 51. hxg5) 50... hxg5 $19 51. Bxe5 fxe5 {KR-KR} 52. c4 Rh2+ 53. Kc3 Rh3 54. Rxa7 Rxg3+ 55. Kd2 Ra3 56. c5 Ke6 57. c6 $2 (57. Rg7) 57... Kd6 58. c7 Kd7 59. c8=Q+ Kxc8 60. Rg7 Rg3 61. Ra7 {[#]} a4 $1 62. Rxa4 Kd7 63. Ra6 Ke7 64. Ke2 Kf7 $1 65. Kf2 Rb3 (65... Rg4 $142 66. Ra7+ Ke6) 66. Rc6 $2 (66. Ke2) 66... e4 67. Ke2 {[#]} Rf3 $1 68. Rc4 Kg6 69. Rxe4 Rf8 70. Rg4 Kh5 71. Rg1 {[#]} g4 $2 (71... Rf5 $1 $19 {...Kh4 is the strong threat.} 72. Ke3 g4) 72. Rf1 {Precision: White = 46%, Black = 72%.} 1/2-1/2

[Event "89th GER-ch"]
[Site "Dresden"]
[Date "2018.08.06"]
[Round "5.3"]
[White "Faerber, David"]
[Black "Buhmann, Rainer"]
[Result "0-1"]
[WhiteElo "2321"]
[BlackElo "2581"]
[Annotator "ChessBase"]
[PlyCount "46"]
[EventDate "2018.08.03"]
[EventType "swiss"]
[EventCountry "GER"]
[SourceTitle "playchess.com"]
[Source "ChessBase"]
[SourceQuality "1"]
[TimeControl "40/5400+30:1800+30"]

1. e4 {[%emt 1:30:26]} e5 {[%emt 1:30:25]} 2. Nf3 {[%emt 1:30:44]} Nc6 {[%emt 1:30:51]} 3. Bb5 {[%emt 1:30:59]} a6 {[%emt 1:31:16]} 4. Ba4 {[%emt 1:31:21]} Nf6 {[%emt 1:31:41]} 5. O-O {[%emt 1:31:38]} Be7 {[%emt 1:32:07]} 6. d3 {[%emt 1:31:48]} b5 {[%emt 1:31:55]} 7. Bb3 {[%emt 1:32:00]} d6 {[%emt 1:32:21]} 8. a3 {[%emt 1:31:48]} O-O {[%emt 1:32:36]} 9. Nc3 {[%emt 1:32:10]} Kh8 {[%emt 1:31:01]} 10. h3 {[%emt 1:23:00]} Be6 {[%emt 1:27:41]} 11. Bxe6 {[%emt 1:02:58]} fxe6 {[%emt 1:26:44]} 12. Ng5 {[%emt 0:59:19]} Qd7 {[%emt 1:25:22]} 13. f4 {[%emt 0:58:28]} exf4 {[%emt 1:22:41]} 14. Rxf4 {[%emt 0:44:52]} h6 {[%emt 1:16:24]} 15. Nf3 {[%emt 0:39:13]} g5 {[%emt 1:13:08]} 16. Rg4 {[%emt 0:36:24]} Nxg4 {[%emt 1:11:43]} 17. hxg4 {[%emt 0:36:48]} Bf6 {[%emt 0:52:30]} 18. Be3 {[%emt 0:32:23]} Ne5 {[%emt 0:51:59]} 19. Nd2 {[%emt 0:30:38]} c5 {[%emt 0:51:30]} 20. Nf1 {[%emt 0:29:38]} Nc6 {[%emt 0:44:16]} 21. Qd2 {[%emt 0:28:47]} Bd4 {[%emt 0:40:46]} 22. Nd1 {[%emt 0:28:32]} Qf7 {[%emt 0:38:54]} 23. Nf2 {[%emt 0:27:39]} Bxb2 {[%emt 0:38:27]} 0-1

[Event "89th GER-ch"]
[Site "Dresden"]
[Date "2018.08.06"]
[Round "5.4"]
[White "Armbrust, Florian"]
[Black "Reuker, Jari"]
[Result "1/2-1/2"]
[WhiteElo "2300"]
[BlackElo "2404"]
[Annotator "NA"]
[PlyCount "60"]
[EventDate "2018.08.03"]
[EventType "swiss"]
[EventCountry "GER"]
[SourceTitle "playchess.com"]
[Source "ChessBase"]
[SourceQuality "1"]
[TimeControl "40/5400+30:1800+30"]

1. e4 {[%emt 1:30:29]} e5 {[%emt 1:30:13]} 2. Nf3 {[%emt 1:30:14]} Nc6 {[%emt 1:30:36]} 3. Bb5 {[%emt 1:30:41]} a6 {[%emt 1:31:01]} 4. Bxc6 {[%emt 1:31:07]} dxc6 {[%emt 1:31:26]} 5. O-O {[%emt 1:31:32]} Qf6 {[%emt 1:31:45]} 6. d4 {[%emt 1:30:43] C68: Ruy Lopez: Exchange Variation, sidelines} exd4 {[%emt 1:32:08]} 7. Bg5 {[%emt 1:30:12]} Qd6 {[%emt 1:32:32]} 8. Nxd4 {[%emt 1:25:24]} Be7 {[%emt 1:32:41]} 9. Bxe7 {[%emt 1:22:17]} Nxe7 {[%emt 1:33:02]} 10. Nc3 {[%emt 1:21:59]} Bd7 {[%emt 1:33:25]} 11. Nb3 {[%emt 1:20:09]} Qxd1 {[%emt 1:33:37]} 12. Raxd1 {[%emt 1:19:15]} b6 {[%emt 1:33:57]} 13. Rd2 {[%emt 1:18:35]} O-O-O {[%emt 1:34:12] [#]} 14. Rfd1 $146 {[%emt 1:18:06]} c5 {[%emt 1:34:26]} 15. Nd5 {[%emt 1:14:56]} Nxd5 {[%emt 1:34:14]} 16. Rxd5 {[%emt 1:15:07]} f5 {[%emt 1:34:00]} 17. exf5 {[%emt 1:14:36]} Bxf5 {[%emt 1:34:18]} 18. Rxd8+ $1 {[%emt 1:14:29]} Rxd8 {[%emt 1:34:41]} 19. Rxd8+ {[%emt 1:14:54]} Kxd8 {[%emt 1:35:07]} 20. c3 {[%emt 1:06:25]} Be6 {[%emt 1:06:19]} 21. Nc1 $11 {[%emt 1:06:49]} Ke7 {[%emt 1:05:22]} 22. f3 {[%emt 1:06:41]} Kd6 {[%emt 0:53:34]} 23. Kf2 {[%emt 1:07:04]} a5 {[%emt 0:48:59]} 24. Ke3 {[%emt 1:05:05]} a4 {[%emt 0:42:48]} 25. g4 {[%emt 0:53:27]} a3 {[%emt 0:36:15]} 26. bxa3 {[%emt 0:51:41]} Kd5 {[%emt 0:35:53]} 27. Kd3 {[%emt 0:48:37]} Ke5 {[%emt 0:35:05]} 28. Ke3 {[%emt 0:48:03]} Kd5 {[%emt 0:35:29]} 29. Kd3 {[%emt 0:43:50]} Ke5 {[%emt 0:10:03]} 30. Ke3 {[%emt 0:43:08]} Kd5 {[%emt 0:10:20]} 1/2-1/2

[Event "89th GER-ch"]
[Site "Dresden"]
[Date "2018.08.08"]
[Round "6"]
[White "Colpe, Malte"]
[Black "Faerber, David"]
[Result "1-0"]
[WhiteElo "2384"]
[BlackElo "2321"]
[Annotator "NA"]
[PlyCount "119"]
[EventDate "2018.08.03"]
[EventType "swiss"]
[EventCountry "GER"]
[SourceTitle "playchess.com"]
[Source "ChessBase"]
[SourceQuality "1"]
[TimeControl "40/5400+30:1800+30"]

1. e4 c6 2. d4 d5 3. exd5 cxd5 4. c4 Nf6 5. Nc3 Nc6 6. Nf3 Bg4 7. Bg5 Ne4 8. Be3 e6 9. cxd5 exd5 10. Bd3 Nxc3 11. bxc3 Be7 12. Rb1 Qd7 13. Qc2 Bxf3 14. gxf3 Bf6 15. Rb5 Ne7 16. h4 h6 17. Qb3 b6 18. h5 O-O 19. Kd2 Rfe8 20. a4 Bg5 21. f4 Bf6 22. Bb1 Kf8 23. Qc2 Qg4 24. Qh7 Ng8 25. Qf5 Qxf5 26. Bxf5 Ne7 27. Bg4 Red8 28. Rhb1 Rd6 29. a5 Rb8 30. Kd3 Bh4 31. Bf3 Ke8 32. Rh1 Bf6 33. Ra1 a6 34. Rxb6 Rbxb6 35. axb6 Rxb6 36. Ra5 Rd6 37. Bc1 Bh4 38. Ke2 Re6+ 39. Kf1 Rc6 40. Bd2 Rd6 41. Be2 Rb6 42. Bxa6 Kd7 43. Bd3 Ke6 44. f5+ Kd6 45. Bf4+ Kc6 46. Rc5+ Kb7 47. Rc7+ Ka8 48. Be5 Rb2 49. Be2 f6 50. Rxe7 fxe5 51. Re8+ Kb7 52. dxe5 Rb1+ 53. Kg2 Rb2 54. Kf3 Rc2 55. Rg8 Rxc3+ 56. Kg4 Bxf2 57. Rxg7+ Kc8 58. f6 Bc5 59. e6 Bd6 60. Ba6+ 1-0

[Event "89th GER-ch"]
[Site "Dresden"]
[Date "2018.08.08"]
[Round "6"]
[White "Syrov, Arkadi"]
[Black "Heinert, Eugen"]
[Result "1-0"]
[WhiteElo "2295"]
[BlackElo "2146"]
[Annotator "NA"]
[PlyCount "51"]
[EventDate "2018.08.03"]
[EventType "swiss"]
[EventCountry "GER"]
[SourceTitle "playchess.com"]
[Source "ChessBase"]
[SourceQuality "1"]
[TimeControl "40/5400+30:1800+30"]

1. e4 e6 2. d4 d5 3. Nc3 Bb4 4. e5 c5 5. a3 Bxc3+ 6. bxc3 Ne7 7. Qg4 cxd4 8. Qxg7 Rg8 9. Qxh7 Qc7 10. Ne2 Nbc6 11. f4 Bd7 12. h4 O-O-O 13. Qd3 dxc3 14. h5 d4 15. h6 Rg6 16. h7 Rh8 17. Nxd4 Nxd4 18. Qxd4 Nf5 19. Qxa7 Qc6 20. Rh3 Qe4+ 21. Be3 Nxe3 22. Rxe3 Qxf4 23. Rxc3+ Kd8 24. Qb8+ Ke7 25. Qd6+ Ke8 26. Rc8+ 1-0

[Event "89th GER-ch"]
[Site "Dresden"]
[Date "2018.08.08"]
[Round "6"]
[White "Fischer, Sebastian"]
[Black "Gaede, Derek"]
[Result "0-1"]
[WhiteElo "2292"]
[BlackElo "2298"]
[Annotator "NA"]
[PlyCount "70"]
[EventDate "2018.08.03"]
[EventType "swiss"]
[EventCountry "GER"]
[SourceTitle "playchess.com"]
[Source "ChessBase"]
[SourceQuality "1"]
[TimeControl "40/5400+30:1800+30"]

1. d4 Nf6 2. Nf3 d5 3. Bg5 Ne4 4. Bh4 h5 5. c4 f6 6. cxd5 g5 7. Bg3 h4 8. Qc2 Bf5 9. Bxc7 Qc8 10. Qa4+ Nd7 11. Ba5 Qc1+ 12. Qd1 Qxd1+ 13. Kxd1 Nxf2+ 14. Ke1 Nxh1 15. Nc3 g4 16. Nd2 g3 17. h3 Nf2 18. e4 Bg6 19. Nb5 Bh6 20. Nc7+ Kf7 21. Nxa8 Rxa8 22. Rc1 Nxe4 23. Rc7 Bxd2+ 24. Bxd2 Nxd2 25. Kxd2 Bf5 26. Bc4 Ke8 27. Ke3 Rb8 28. Bb3 Kd8 29. Rc1 Rc8 30. Rf1 Bc2 31. Kd2 Be4 32. Rf4 Bxg2 33. Rxh4 Bf3 34. Rh7 g2 35. Rg7 Nb6 0-1

[Event "89th GER-ch"]
[Site "Dresden"]
[Date "2018.08.08"]
[Round "6"]
[White "Svane, Frederik"]
[Black "Armbrust, Florian"]
[Result "1/2-1/2"]
[WhiteElo "2292"]
[BlackElo "2300"]
[Annotator "NA"]
[PlyCount "80"]
[EventDate "2018.08.03"]
[EventType "swiss"]
[EventCountry "GER"]
[SourceTitle "playchess.com"]
[Source "ChessBase"]
[SourceQuality "1"]
[TimeControl "40/5400+30:1800+30"]

1. c4 c6 2. Nf3 d5 3. g3 Nf6 4. Bg2 g6 5. O-O Bg7 6. d4 O-O 7. b3 Ne4 8. Bb2 Nd7 9. Nbd2 Ndf6 10. Nxe4 Nxe4 11. Nd2 Nd6 12. e3 Be6 13. Qe2 dxc4 14. Nxc4 Nxc4 15. bxc4 Qb6 16. Rfb1 Qa6 17. Bf1 Qa4 18. Bc3 b6 19. Qd1 Qxd1 20. Rxd1 c5 21. Rac1 cxd4 22. exd4 Rac8 23. d5 Bg4 24. Bxg7 Kxg7 25. Re1 Rc7 26. Rc3 Rd8 27. Rce3 Kf8 28. a4 Bc8 29. a5 bxa5 30. Ra3 Ba6 31. Rxa5 Bxc4 32. Bxc4 Rxc4 33. Rxa7 Rxd5 34. Rexe7 Rf5 35. Re2 h5 36. h4 Rcc5 37. Rae7 Kg7 38. Kg2 Rc3 39. R7e3 Rxe3 40. Rxe3 Rf6 {(=)} 1/2-1/2